000
00342nam a2200133Ia 4500
008
210716s2016 xx 000 0 und d
041
_a
eng
082
_a
174.9658 MONR
100
_a
Monks, Robert A G; Minow, Nell.
245
_a
Corporate governance.
250
_a
5
260
_a
New Delhi
_b
Wiley India Pvt Ltd
_c
2016
300
_a
xxix,512
999
_c
209928
_d
209928